000 01079nas a2200325 4500
001 BR2015006293
003 BR-BrBNA
005 20231205125858.0
007 ta
008 230509b bl.|||p| |||| 00| 00por d
040 _aBR-BrBNA
_bpor
_cBiblioteca Nacional de Agricultura
041 _a(Pt)
072 _aL40
100 1 _aOliveira, C.A. de
100 1 _aBombonato, P.P.
100 1 _aBaruselli, P.S.
100 1 _aOliveira, J.F.S. de
100 1 _aSouza, A. de O.
245 1 _aPelvimetria e pelvilogia em búfalas mestiças (Bubalus bubalis)
246 1 _aPelvimetry and pelvilogy in female mixed buffaloes (Bubalus bubalis)
650 _aBUFALO
650 _aBUBALUS BUBALIS
650 _aANATOMIA ANIMAL
650 _aPELVIS
650 _aANALISE COMPARATIVA
773 0 _tBrazilian Journal of Veterinary Research and Animal Science (Brazil)
_xISSN 1413-9596ISSN 1678-4456
_g(2001), v. 38(3) p. 114-121
_wBR2015006293
856 4 0 _uhttp://www.scielo.br/pdf/bjvras/v38n3/9690.pdf
909 _a202311
_bLúcia
_c55
_dLúcia Elande
942 _2AGRIS
_n0
_cANA
999 _c246663
_d246663